| 000 | 00553nam a2200205Ia 4500 | ||
|---|---|---|---|
| 003 | BUBTL | ||
| 008 | 151213s9999 xx 000 0 und d | ||
| 020 | _a8178088711 | ||
| 082 | _a821.7/ P975w/ 1986 | ||
| 100 |
_a Purkis, John _95108 |
||
| 245 |
_aA Preface to Words Worth : _cJohn Purkis |
||
| 260 |
_aDelhi _bPearson education _cc1986 |
||
| 300 |
_a[xii], 202p. : _b20 cm |
||
| 500 | _aIncludes Index | ||
| 650 | _aEnglish | ||
| 700 |
_aJohn Purkis _95109 |
||
| 856 |
_k0 _l0 _yDownload |
||
| 942 |
_2ddc _cBK |
||
| 999 |
_c1396 _d1396 |
||